ბათუმის შოთა რუსთაველის სახელმწიფო უნივერსიტეტის ბიბლიოთეკა

სუბტროპიკულ მცენარეთა სელექცია (ბიბ.ჩანაწერი № 50808)

000 -ლიდერი
ფიქსირებული სიგრძის საკონტროლო ველი 01087nam a2200241Ia 4500
001 - საკონტროლო ნომერი
საკონტროლო ველი 17761
003 - საკონტროლო ნომრის იდენტიფიკატორი
საკონტროლო ველი GE_BSU
005 - ბოლო ოპერაციის თარიღი და დრო
საკონტროლო ველი 20250613103432.0
008 - ფიქსირებული სიგრძის მონაცემთა ელემენტები - ზოგადი ინფორმაცია
ფიქსირებული სიგრძის საკონტროლო ველი 181216s2013||||ge |||||||||||||| ||geo||
020 ## - წიგნის საერთაშორისო სტანდარტული ნომერი
International Standard Book Number 9789941448157
040 ## - კატალოგიზაციის წყარო
Transcribing agency GE_BSU
041 ## - ენის კოდი
Language code of text/sound track or separate title geo
080 ## - უნივერსალური ათობითი კლასიფიკაციის ინდექსი
Universal Decimal Classification number 634.6(076) ქ-60
100 ## - მთავარი ჩანაწერი - პიროვნების სახელი
Personal name ქობალია, ვ.
9 (RLIN) 16986
245 ## - ცნობა სათაურის შესახებ
Title სუბტროპიკულ მცენარეთა სელექცია
Remainder of title (ლაბორატორიულ-პრაქტიკული და დამოუკიდებელი მუშაობა) /
Statement of responsibility, etc ვ.ქობალია, რედ.ჯობავა, ტ.
264 ## - წარმოების, გამოცემის, დისტრიბუციის და სხვა ცნობები
გამოცემის, წარმოების, დისტრიბუციის... ადგილი ქუთაისი :
გამოცემის, წარმოების, დისტრიბუციის... სახელწოდება აკაკი წერეთლის სახ. უნ-ტი,
გამოცემის, წარმოების, დისტრიბუციის... თარიღი 2013
300 ## - ფიზიკური აღწერა
Extent 185გვ. :
Other physical details ილ. ;
Dimensions 21სმ.
504 ## - BIBLIOGRAPHY, ETC. NOTE
Bibliography, etc ბიბლ.გვ.182
653 ## - INDEX TERM--UNCONTROLLED
Uncontrolled term სუბტროპიკულ მცენარეთა სელექცია
653 ## - INDEX TERM--UNCONTROLLED
Uncontrolled term სოფლის მეურნეობა
700 ## - ADDED ENTRY--PERSONAL NAME
Personal name .ჯობავა, ტ.
9 (RLIN) 25409
942 ## - ADDED ENTRY ELEMENTS (KOHA)
Koha item type წიგნი
Source of classification or shelving scheme
ეგზემპლარები
ჩამოწერის სტატუსი დაკარგული ეგზემპლარის სტატუსი კლასიფიკაციის წყარო ან თაროზე გაწყობის სქემა დაზიანების სტატუსი არ გაიცემა მუდმივი მდებარეობა (დაცვის ადგილი) ამჟამინდელი ადგილსამყოფელი თაროზე განთავსების ადგილი შეძენის თარიღი სრული შენახვის შიფრი შტრიხკოდი ბოლო ოპერაციის თარიღი ეგზემპლარის მიმდევრობითი ნომერი (კეტერი?) ფასის ძალაში შესვლის თარიღი ეგზემპლარის სახეობა ღირებულება, შესყიდვის ნორმალური ფასი საჯარო შენიშვნა
          აგრარული და მემბრანული ტექნოლოგიების ინსტიტუტის ბიბლიოთეკა აგრარული და მემბრანული ტექნოლოგიების ინსტიტუტის ბიბლიოთეკა წიგნსაცავი 2018-12-17 634.6(076) ქ-60 41613 2018-12-17 41613 2018-12-17 წიგნი    
          აგრარული და მემბრანული ტექნოლოგიების ინსტიტუტის ბიბლიოთეკა აგრარული და მემბრანული ტექნოლოგიების ინსტიტუტის ბიბლიოთეკა წიგნსაცავი 2018-12-17 634.6(076) ქ-60 41612 2018-12-17 41612 2018-12-17 წიგნი    
          აგრარული და მემბრანული ტექნოლოგიების ინსტიტუტის ბიბლიოთეკა აგრარული და მემბრანული ტექნოლოგიების ინსტიტუტის ბიბლიოთეკა წიგნსაცავი 2025-06-13 634.6(076) ქ-60 71819 2025-06-13 71819 2025-06-13 წიგნი 12.00 12.00